Advanced accounting: (Record no. 31061)

MARC details
000 -LEADER
fixed length control field 00925nam a22002537a 4500
005 - DATE AND TIME OF LATEST TRANSACTION
control field 2009102703323.0
008 - FIXED-LENGTH DATA ELEMENTS--GENERAL INFORMATION
fixed length control field 091027t xxu||||| |||| 00| 0 eng d
010 ## - LCCN (DPL NO)
LC control number ENG-95219
020 ## - INTERNATIONAL STANDARD BOOK NUMBER
International Standard Book Number 9780070151604
Terms of availability 350.00
020 ## - INTERNATIONAL STANDARD BOOK NUMBER
International Standard Book Number 0070151601
035 ## - SYSTEM CONTROL NUMBER
System control number EN-78752
037 ## - SOURCE OF ACQUISITION
Source of stock number/acquisition DBAD/PUB
040 ## - CATALOGING SOURCE
Original cataloging agency DPL
082 ## - DEWEY DECIMAL CLASSIFICATION NUMBER
Classification number 657.046
100 ## - MAIN ENTRY--PERSONAL NAME
Personal name Hanif, Mohammed
245 ## - TITLE STATEMENT
Title Advanced accounting:
Statement of responsibility, etc by Mohammed Hanif [and] Amitabha Mukherjee
Remainder of title for CA IPCC examination /
260 ## - PUBLICATION, DISTRIBUTION, ETC. (IMPRINT)
Place of publication, distribution, etc New Delhi
Name of publisher, distributor, etc Tata McGraw Hill Education
Date of publication, distribution, etc 2009
270 ## - ADDRESS
Address 7, West Patel Nagar
City New Delhi
Postal code 110008
300 ## - PHYSICAL DESCRIPTION
Extent Various pagings
Dimensions 24 cm.(Pbk).
500 ## - GENERAL NOTE
General note Includes Index
700 ## - ADDED ENTRY--PERSONAL NAME
Personal name Mukherjee, Amitabha
942 ## - ADDED ENTRY ELEMENTS (KOHA)
Source of classification or shelving scheme Dewey Decimal Classification
Item type English Books
Call number suffix HAN
Classification part 657.046
Holdings
Withdrawn status Lost status Source of classification or shelving scheme Damaged status Not for loan Collection code Home library Current library Date acquired Source of acquisition Cost, normal purchase price Total Checkouts Full call number Barcode Date last seen Copy number Cost, replacement price Koha item type
    Dewey Decimal Classification   Not For Loan Non-fiction D.B.Act.Division D.B.Act.Division 27/10/2009 DBAD / PUB 350.00   657.046 HAN EN-78752 27/10/2009 1 350.00 English Books

© Delhi Public Library
Hit Counter
free hit counter